[Event "Xtracon Chess Open 2016"]
[Site "Elsinore"]
[Date "2016.07.28"]
[Round "7.17"]
[White "Haugli, Petter"]
[Black "Delorme, Axel"]
[Result "1/2-1/2"]
[WhiteElo "2257"]
[BlackElo "2514"]
[PlyCount "156"]
[EventDate "2016.07.23"]

1. c4 e5 2. Nc3 Bb4 3. Nd5 Be7 4. Nf3 d6 5. d4 Nc6 6. Nxe7 Qxe7 7. d5 Nb8 8. e4
f5 9. exf5 Bxf5 10. Be2 h6 11. O-O Nf6 12. Re1 O-O 13. Bd3 Bg4 14. h3 Bh5 15.
g4 Nxg4 16. hxg4 Bxg4 17. Be2 Qf6 18. Nh2 Qxf2+ 19. Kh1 Bf5 20. Rf1 Be4+ 21.
Bf3 Qh4 22. Qe2 Rxf3 23. Rxf3 Nd7 24. Kg1 Bxf3 25. Nxf3 Qh5 26. Bd2 Rf8 27. Rf1
Qg4+ 28. Qg2 Qxc4 29. Bxh6 Rf7 30. Rd1 Qe4 31. Rf1 Qxd5 32. Be3 Qe4 33. Bd2 Nc5
34. Ng5 Qxg2+ 35. Kxg2 Rxf1 36. Kxf1 Nd7 37. Ne6 c5 38. Nd8 b6 39. Ke2 Kf8 40.
Ne6+ Kf7 41. Ng5+ Ke7 42. Kf3 Nf6 43. Bc3 b5 44. b3 Kd7 45. Bd2 b4 46. Be1 a5
47. Nf7 Ke7 48. Ng5 d5 49. Ke3 Nd7 50. Bh4 Kd6 51. Nf7+ Kc6 52. Bd8 a4 53. bxa4
c4 54. Be7 d4+ 55. Kd2 b3 56. axb3 cxb3 57. Ba3 e4 58. Bb2 Kd5 59. a5 Nc5 60.
Ba3 g6 61. Ng5 Na6 62. Ke2 Nc7 63. Bb2 Na6 64. Ba3 Ke5 65. Bb2 Nc5 66. Ba3 e3
67. Nf3+ Ke4 68. Ng5+ Kf4 69. Nh3+ Ke4 70. Ng5+ Kf4 71. Nh3+ Kf5 72. Bb2 Ke5
73. Ng5 Kd5 74. Nf3 Ne6 75. a6 Kc6 76. Nxd4+ Nxd4+ 77. Bxd4 b2 78. Bxb2 Kb6
1/2-1/2

[Event "Xtracon Chess Open 2016"]
[Site "Elsinore"]
[Date "2016.07.28"]
[Round "7.18"]
[White "Schroeder, Jan-Christian"]
[Black "Petersen, Tom Petri"]
[Result "1-0"]
[WhiteElo "2507"]
[BlackElo "2346"]
[PlyCount "97"]
[EventDate "2016.07.23"]

1. Nf3 g6 2. d4 Bg7 3. g3 Nf6 4. Bg2 d6 5. O-O Bf5 6. c4 Qc8 7. Re1 O-O 8. Nc3
Bh3 9. Bh1 c6 10. b3 Na6 11. Ba3 Qc7 12. Qd2 Rfe8 13. Rad1 Rad8 14. Qb2 h6 15.
e4 e5 16. b4 Bg4 17. dxe5 dxe5 18. Bg2 Rxd1 19. Nxd1 Rd8 20. Ne3 Be6 21. Qc2
Ng4 22. Bf1 Nxe3 23. Rxe3 Qd7 24. Rd3 Qc7 25. c5 Rxd3 26. Bxd3 Qd7 27. Bc4 Nc7
28. Bb2 f6 29. Nd2 Kh7 30. a3 h5 31. Bxe6 Nxe6 32. Nc4 Ng5 33. Qe2 h4 34. Bc3
h3 35. f3 Bh6 36. Kf2 Ne6 37. Qf1 Nc7 38. a4 a5 39. Nxa5 f5 40. Nc4 fxe4 41.
fxe4 Qe7 42. Ke1 Ne6 43. Qxh3 Ng5 44. Qg4 Qf7 45. Nd2 Ne6 46. Nf3 Be3 47. Bxe5
Qd7 48. Qh3+ Bh6 49. Ng5+ 1-0

[Event "Xtracon Chess Open 2016"]
[Site "Elsinore"]
[Date "2016.07.28"]
[Round "7.19"]
[White "Rasmussen, Allan Stig"]
[Black "Buchal, Stephan"]
[Result "1-0"]
[WhiteElo "2504"]
[BlackElo "2338"]
[PlyCount "55"]
[EventDate "2016.07.23"]

1. e4 g6 2. d4 Bg7 3. Nc3 d6 4. Be3 a6 5. Qd2 b5 6. f3 Nd7 7. h4 h5 8. Nh3 Bb7
9. Ng5 Rc8 10. O-O-O c5 11. e5 cxd4 12. e6 fxe6 13. Bxd4 e5 14. Be3 Nf8 15.
Nxb5 Nh6 16. Na3 Nf5 17. Bc4 d5 18. Bb3 Qd6 19. Bf2 Rd8 20. Qa5 Nh7 21. Nc4 Qf6
22. Ba4+ Bc6 23. Rxd5 Rxd5 24. Qxd5 Bxa4 25. Qa8+ Kd7 26. Qb7+ Kd8 27. Bb6+ Ke8
28. Qc8# 1-0

[Event "Xtracon Chess Open 2016"]
[Site "Elsinore"]
[Date "2016.07.28"]
[Round "7.20"]
[White "Zoler, Dan"]
[Black "Kovachev, Daniel Jacobsen"]
[Result "1-0"]
[WhiteElo "2484"]
[BlackElo "2315"]
[PlyCount "67"]
[EventDate "2016.07.23"]

1. d4 Nf6 2. c4 e6 3. Nf3 Bb4+ 4. Nbd2 O-O 5. a3 Be7 6. g3 d5 7. Bg2 b6 8. cxd5
exd5 9. O-O c5 10. b3 Bb7 11. Bb2 Nbd7 12. Rc1 Re8 13. Qc2 Bf8 14. e3 Qe7 15.
dxc5 bxc5 16. Rfd1 a5 17. a4 Nb8 18. Ng5 Ne4 19. Ngxe4 dxe4 20. Nc4 Qe6 21. Qc3
Bd5 22. Nb6 Qxb6 23. Rxd5 Na6 24. Rg5 Qh6 25. h4 Nb4 26. Rd1 Ra6 27. Rd7 Nd3
28. Ba1 Rae6 29. Bh3 Rg6 30. Qc4 Re7 31. Rxe7 Bxe7 32. Qxe4 Bf8 33. Rxg6 Qxg6
34. Bf5 1-0

[Event "Xtracon Chess Open 2016"]
[Site "Elsinore"]
[Date "2016.07.28"]
[Round "7.21"]
[White "Jacobsen, Mikkel Manosri"]
[Black "Ringoir, Tanguy"]
[Result "0-1"]
[WhiteElo "2245"]
[BlackElo "2474"]
[PlyCount "58"]
[EventDate "2016.07.23"]

1. d4 Nf6 2. c4 e6 3. Nf3 d5 4. cxd5 exd5 5. Nc3 c6 6. Bg5 h6 7. Bh4 Bf5 8. e3
Nbd7 9. Be2 Be7 10. O-O O-O 11. a3 a5 12. Rc1 Ne8 13. Bxe7 Qxe7 14. Qb3 Nd6 15.
Na4 Bg4 16. Rfe1 f5 17. Bd3 Bxf3 18. gxf3 Qh4 19. Qc2 Rf6 20. Kh1 Ne4 21. fxe4
fxe4 22. f4 exd3 23. Qxd3 Qh3 24. Qd2 Rg6 25. Qf2 Nf6 26. Nc3 Re8 27. Rc2 Ng4
28. Qg1 Qf3+ 29. Rg2 Nxe3 0-1

[Event "Xtracon Chess Open 2016"]
[Site "Elsinore"]
[Date "2016.07.28"]
[Round "7.22"]
[White "Sipila, Vilka"]
[Black "Lenaerts, Lennert"]
[Result "0-1"]
[WhiteElo "2458"]
[BlackElo "2259"]
[PlyCount "178"]
[EventDate "2016.07.23"]

1. e4 e5 2. Nf3 Nc6 3. Bb5 a6 4. Ba4 Nf6 5. O-O Be7 6. Bxc6 dxc6 7. Qe1 Nd7 8.
b3 O-O 9. Bb2 Bf6 10. a4 Re8 11. Nc3 Nf8 12. h3 a5 13. Rd1 Ng6 14. Qe3 Nh4 15.
Nxh4 Bxh4 16. Ne2 Bg5 17. f4 exf4 18. Nxf4 Qd6 19. Qg3 Bf6 20. Bxf6 Qxf6 21.
Rf2 Qd6 22. Re1 Bd7 23. d4 Bf5 24. Qd3 Rad8 25. c3 c5 26. Ree2 Bg6 27. h4 Qe7
28. Nxg6 hxg6 29. Qc4 cxd4 30. cxd4 Rd7 31. e5 Qe6 32. Qc3 Qg4 33. Rd2 Qxh4 34.
d5 Qg5 35. Qh3 Rde7 36. e6 fxe6 37. Rd4 Rf7 38. Rxf7 Kxf7 39. dxe6+ Rxe6 40.
Qf3+ Kg8 41. Rd5 Qe3+ 42. Qxe3 Rxe3 43. Rxa5 Rxb3 44. Rd5 c6 45. Rd7 Rb4 46. a5
Rb5 47. Kf2 Rxa5 48. Rxb7 Rf5+ 49. Ke3 Rf7 50. Rb6 Rc7 51. Kd4 c5+ 52. Kd5 c4
53. Kd6 Rc8 54. Kd7 Rc5 55. Kd6 Rg5 56. Rb2 Kh7 57. Rc2 Kh6 58. Ke6 Rg4 59. Kf7
g5 60. Rc3 Rf4+ 61. Ke6 g4 62. Kd5 Kg5 63. Ke5 Rf2 64. g3 Rf3 65. Rxc4 Rxg3 66.
Ke4 Rg2 67. Ke3 Kh4 68. Rc7 g5 69. Rh7+ Kg3 70. Rh5 Rg1 71. Ke2 Kg2 72. Rxg5 g3
73. Rg8 Ra1 74. Ke3 Kh2 75. Kf3 Rf1+ 76. Ke2 g2 77. Rh8+ Kg1 78. Rh7 Rf8 79.
Rh6 Re8+ 80. Kd3 Re5 81. Kd4 Re2 82. Kd3 Kf1 83. Rg6 Rf2 84. Ke3 Rf8 85. Ra6
g1=Q+ 86. Kd2 Qd4+ 87. Kc1 Rc8+ 88. Kb1 Rb8+ 89. Ka2 Qb2# 0-1

[Event "Xtracon Chess Open 2016"]
[Site "Elsinore"]
[Date "2016.07.28"]
[Round "7.23"]
[White "Tarjan, James E"]
[Black "Taylor, Adam C"]
[Result "1/2-1/2"]
[WhiteElo "2447"]
[BlackElo "2254"]
[PlyCount "48"]
[EventDate "2016.07.23"]

1. c4 c5 2. g3 Nc6 3. Bg2 g6 4. Nc3 Bg7 5. Nf3 Nh6 6. h4 d6 7. h5 Bg4 8. d3 Qd7
9. Bxh6 Bxh6 10. hxg6 hxg6 11. Qc1 Bg7 12. Rxh8+ Bxh8 13. Qh6 O-O-O 14. Rb1 Qe6
15. Ne4 Bxf3 16. Bxf3 Ne5 17. Bg2 f5 18. Ng5 Nxd3+ 19. Kd2 Qf6 20. Kxd3 Bg7 21.
Qh1 Qd4+ 22. Kc2 Qxc4+ 23. Kd2 Qb4+ 24. Kc2 Qc4+ 1/2-1/2

[Event "Xtracon Chess Open 2016"]
[Site "Elsinore"]
[Date "2016.07.28"]
[Round "7.24"]
[White "Thuesen, Mogens Henrik"]
[Black "Christiansen, Johan Sebastian"]
[Result "0-1"]
[WhiteElo "2200"]
[BlackElo "2411"]
[PlyCount "74"]
[EventDate "2016.07.23"]

1. d4 f5 2. e4 fxe4 3. Nc3 Nf6 4. Bg5 Nc6 5. d5 Ne5 6. Qd4 Nf7 7. f4 c6 8.
O-O-O Nxg5 9. fxg5 Nxd5 10. Nxd5 cxd5 11. Be2 Qa5 12. Bh5+ Kd8 13. Ne2 e6 14.
Nc3 Qc5 15. Qe5 Qd6 16. Rxd5 Qxe5 17. Rxe5 d5 18. Rd1 Bd6 19. Rxe4 dxe4 20.
Nxe4 Ke7 21. Rxd6 Rd8 22. Rxd8 Kxd8 23. Bf3 Ke7 24. Nf2 Rb8 25. Be4 g6 26. Ng4
Bd7 27. g3 Bc6 28. Bd3 Rd8 29. h4 Kf7 30. Nf2 Kg7 31. Kd2 Rf8 32. Ke2 Rf3 33.
g4 Rg3 34. b4 Bf3+ 35. Ke3 Bxg4+ 36. Kf4 Rf3+ 37. Kxg4 Rxf2 0-1

[Event "Xtracon Chess Open 2016"]
[Site "Elsinore"]
[Date "2016.07.28"]
[Round "7.25"]
[White "Royset, Pal"]
[Black "Haria, Ravi"]
[Result "0-1"]
[WhiteElo "2144"]
[BlackElo "2394"]
[PlyCount "64"]
[EventDate "2016.07.23"]

1. d4 e6 2. Nf3 Nf6 3. Bg5 c5 4. dxc5 Bxc5 5. e3 d5 6. c4 Nc6 7. Nc3 Bb4 8. Rc1
O-O 9. a3 Be7 10. cxd5 exd5 11. Be2 Be6 12. O-O Qd7 13. Na4 Ne4 14. Bxe7 Qxe7
15. Nd4 Ne5 16. f3 Nd6 17. b3 Bd7 18. Nc5 Rac8 19. Nxd7 Nxd7 20. Qd2 Nc5 21.
Rfe1 a6 22. Bf1 Rc7 23. Rc3 Rfc8 24. Rec1 g6 25. a4 Qe5 26. Qb2 Nd3 27. Rxd3
Rxc1 28. Qd2 Ne4 29. Qb2 R8c2 30. Qa3 Rxg2+ 31. Kxg2 Qg5+ 32. Kh3 Nf2# 0-1

[Event "Xtracon Chess Open 2016"]
[Site "Elsinore"]
[Date "2016.07.28"]
[Round "7.26"]
[White "Ochsner, Bjorn Moller"]
[Black "Rossen, Claus"]
[Result "1-0"]
[WhiteElo "2417"]
[BlackElo "2199"]
[PlyCount "33"]
[EventDate "2016.07.23"]

1. e4 c5 2. Nf3 Nc6 3. Bb5 Qc7 4. O-O a6 5. Bxc6 Qxc6 6. Nc3 Nf6 7. Re1 e6 8.
d4 cxd4 9. Nxd4 Qc4 10. e5 Nd5 11. Ne4 b5 12. b3 Qc7 13. Nf5 Bb7 14. Ned6+ Bxd6
15. Nxd6+ Ke7 16. c4 Nb4 17. Nxb7 1-0

[Event "Xtracon Chess Open 2016"]
[Site "Elsinore"]
[Date "2016.07.28"]
[Round "7.27"]
[White "Holm, Kristian Stuvik"]
[Black "Christensen, Lasse"]
[Result "1-0"]
[WhiteElo "2411"]
[BlackElo "2162"]
[PlyCount "71"]
[EventDate "2016.07.23"]

1. d4 e6 2. c4 f5 3. g3 Nf6 4. Bg2 d5 5. Nh3 Bd6 6. O-O O-O 7. Nd2 c6 8. Nf3
Ne4 9. Qc2 Nd7 10. Nf4 Qe7 11. Nd3 g5 12. Nfe5 Qg7 13. f3 Nef6 14. b4 Bc7 15.
Bb2 Nxe5 16. dxe5 Nd7 17. Kh1 Nb6 18. cxd5 Nxd5 19. Bd4 f4 20. e4 fxe3 21. f4
h5 22. Be4 g4 23. b5 Ba5 24. bxc6 bxc6 25. Qxc6 Bd7 26. Qa6 Bb6 27. Nc5 Bc6 28.
Bg2 Qe7 29. Qd3 Rf7 30. Qg6+ Rg7 31. Qxe6+ Qxe6 32. Nxe6 Bxd4 33. Nxd4 Bb7 34.
Rab1 Nb6 35. Bxb7 Rxb7 36. Nf5 1-0

[Event "Xtracon Chess Open 2016"]
[Site "Elsinore"]
[Date "2016.07.28"]
[Round "7.29"]
[White "Ivarsson, Torbjorn"]
[Black "Thybo, Jesper Sondergaard"]
[Result "0-1"]
[WhiteElo "2180"]
[BlackElo "2385"]
[PlyCount "38"]
[EventDate "2016.07.23"]

1. Nf3 d6 2. d4 f5 3. e3 Nf6 4. Nbd2 g6 5. Bc4 Bg7 6. Bb3 e6 7. Qe2 d5 8. Ne5
O-O 9. Ndf3 Nc6 10. Bd2 Ne4 11. h4 Nxe5 12. Nxe5 c5 13. Nf3 c4 14. Ba4 Qb6 15.
c3 Qxb2 16. O-O Nxc3 17. Bxc3 Qxe2 18. Rfc1 Qd3 19. Bb4 Qe4 0-1

[Event "Xtracon Chess Open 2016"]
[Site "Elsinore"]
[Date "2016.07.28"]
[Round "7.30"]
[White "Grove, Peter"]
[Black "Risting, Eivind Olav"]
[Result "1/2-1/2"]
[WhiteElo "2155"]
[BlackElo "2376"]
[PlyCount "47"]
[EventDate "2016.07.23"]

1. e4 c5 2. Nc3 Nc6 3. Nf3 g6 4. d4 cxd4 5. Nxd4 Bg7 6. Be3 Nf6 7. Be2 O-O 8.
O-O d5 9. exd5 Nb4 10. Qd2 Nbxd5 11. Nxd5 Nxd5 12. Bh6 Bxh6 13. Qxh6 Qb6 14.
Nb3 a5 15. Rad1 Nf6 16. a4 Bf5 17. Bd3 Be6 18. Nd2 Bd5 19. b3 Qc6 20. f3 Qc5+
21. Kh1 Rfe8 22. Rde1 Qd6 23. Qg5 Kg7 24. Ne4 1/2-1/2

[Event "Xtracon Chess Open 2016"]
[Site "Elsinore"]
[Date "2016.07.28"]
[Round "7.31"]
[White "Dauth, Benjamin"]
[Black "Hartung Nielsen, Jens"]
[Result "1-0"]
[WhiteElo "2367"]
[BlackElo "2194"]
[PlyCount "47"]
[EventDate "2016.07.23"]

1. e4 d5 2. exd5 Nf6 3. Bb5+ Nbd7 4. c4 a6 5. Bxd7+ Bxd7 6. d4 e6 7. dxe6 Qe7
8. Ne2 Bxe6 9. d5 O-O-O 10. O-O Bg4 11. Nbc3 Qb4 12. Qd3 Bc5 13. a3 Qb3 14. Nd4
Bxd4 15. Qxd4 Rhe8 16. Bf4 Be2 17. Rfe1 Bxc4 18. Qc5 Rd7 19. Rxe8+ Nxe8 20. Re1
Nd6 21. Bxd6 Rxd6 22. Re7 Rd7 23. Re8+ Rd8 24. Qe7 1-0

[Event "Xtracon Chess Open 2016"]
[Site "Elsinore"]
[Date "2016.07.28"]
[Round "7.32"]
[White "Moe, Mogens"]
[Black "Sowray, Peter J"]
[Result "0-1"]
[WhiteElo "2138"]
[BlackElo "2348"]
[PlyCount "98"]
[EventDate "2016.07.23"]

1. e4 c5 2. Nf3 e6 3. d4 cxd4 4. Nxd4 a6 5. Bd3 Nf6 6. Nc3 Qc7 7. O-O d6 8. a4
b6 9. Qe2 Be7 10. Bd2 Nbd7 11. Kh1 Bb7 12. f4 O-O 13. Rae1 Nc5 14. Rf3 Rfe8 15.
Rg3 Nxd3 16. cxd3 Bf8 17. f5 exf5 18. Nxf5 d5 19. Bg5 Re6 20. Bxf6 Rxf6 21. Ne3
Rh6 22. Qf3 dxe4 23. dxe4 Re8 24. Ned5 Qe5 25. Rf1 f5 26. Qxf5 Qxf5 27. Rxf5
Bd6 28. Rh3 Rxh3 29. gxh3 Bc5 30. Kg2 Re6 31. Rf4 Bd4 32. Kf3 Be5 33. Rg4 Bxh2
34. Ne2 Be5 35. b3 Kf7 36. Nef4 Rc6 37. Nd3 Bd6 38. Rg2 b5 39. axb5 axb5 40.
Ke3 Ra6 41. Kd4 Ra1 42. e5 Bb8 43. Rd2 Ba7+ 44. Ke4 g5 45. b4 Ke6 46. Nc5+ Bxc5
47. bxc5 Bxd5+ 48. Rxd5 Re1+ 49. Kd4 Rd1+ 0-1

[Event "Xtracon Chess Open 2016"]
[Site "Elsinore"]
[Date "2016.07.28"]
[Round "7.33"]
[White "Percivaldi, Martin"]
[Black "Hinrichs, Lars"]
[Result "1/2-1/2"]
[WhiteElo "2347"]
[BlackElo "2157"]
[PlyCount "116"]
[EventDate "2016.07.23"]

1. d4 Nf6 2. c4 e6 3. Nf3 Bb4+ 4. Bd2 Qe7 5. g3 Nc6 6. Nc3 O-O 7. Bg2 Na5 8. b3
b6 9. O-O Bb7 10. Qc2 Rac8 11. Rfe1 c5 12. e4 cxd4 13. Nxd4 Bc5 14. Nf3 Ng4 15.
Re2 Nc6 16. Rae1 f6 17. h3 Nge5 18. Be3 Nxf3+ 19. Bxf3 Nd4 20. Bxd4 Bxd4 21.
Nb5 Be5 22. Nxa7 Rc5 23. b4 Rc7 24. Nb5 Rc6 25. Qb3 Ba6 26. Na3 Rc7 27. Rc2
Rfc8 28. Rec1 Bd6 29. Rb1 g6 30. Be2 Ra7 31. Rd2 Be5 32. Rbd1 Rd8 33. f4 Bb8
34. Nc2 Bb7 35. Bf3 Bc6 36. Nd4 Ba4 37. Qd3 Qxb4 38. Rb1 Qc5 39. Kg2 Rc8 40.
Be2 e5 41. fxe5 Bxe5 42. Nb5 Bxb5 43. Rxb5 Qa3 44. Rxb6 Qxd3 45. Bxd3 Rca8 46.
Bb1 d6 47. Kf3 Kg7 48. Rb5 Rc7 49. Bd3 Rca7 50. c5 dxc5 51. Bc4 Ra3+ 52. Rb3
Kh6 53. Rxa3 Rxa3+ 54. Rd3 Ra7 55. Ke2 Ra4 56. Bd5 c4 57. Rd2 c3 58. Rc2 Rb4
1/2-1/2

[Event "Xtracon Chess Open 2016"]
[Site "Elsinore"]
[Date "2016.07.28"]
[Round "7.34"]
[White "Schultz Pedersen, Jesper"]
[Black "McPhillips, Joseph"]
[Result "0-1"]
[WhiteElo "2121"]
[BlackElo "2341"]
[PlyCount "64"]
[EventDate "2016.07.23"]

1. e4 e6 2. Nf3 d5 3. e5 c5 4. d4 Nc6 5. Bd3 Nxd4 6. Nxd4 cxd4 7. O-O Ne7 8.
Qg4 Nc6 9. Qg3 Qc7 10. Bf4 h6 11. h4 Bd7 12. c3 Qb6 13. Nd2 Qxb2 14. c4 Nb4 15.
cxd5 Nxd3 16. dxe6 Bxe6 17. Qxd3 Qc3 18. Qe2 Be7 19. Rfc1 Qa5 20. Rab1 O-O 21.
Rxb7 Bxh4 22. Qh5 Bd8 23. Ne4 Qd5 24. Nd6 Bb6 25. Re1 d3 26. Bd2 Rad8 27. Rxb6
axb6 28. Ne4 f6 29. Nc3 Qd7 30. Re3 f5 31. Rg3 f4 32. Bxf4 Rxf4 0-1

[Event "Xtracon Chess Open 2016"]
[Site "Elsinore"]
[Date "2016.07.28"]
[Round "7.35"]
[White "Mardell, Jimmy"]
[Black "Wadsworth, Matthew J"]
[Result "0-1"]
[WhiteElo "2112"]
[BlackElo "2325"]
[PlyCount "86"]
[EventDate "2016.07.23"]

1. d4 Nf6 2. c4 c5 3. d5 e6 4. Nc3 exd5 5. cxd5 d6 6. e4 g6 7. Nge2 Bg7 8. Ng3
a6 9. a4 Nbd7 10. Be2 h5 11. Bg5 Qb6 12. Qd2 Qb4 13. f3 Ne5 14. Nf1 Nh7 15. Bh4
Bd7 16. h3 f5 17. Nd1 fxe4 18. Qxb4 cxb4 19. fxe4 Nf6 20. Nd2 O-O 21. O-O Rac8
22. Ne3 Bh6 23. Nec4 Bxd2 24. Nxe5 dxe5 25. Rxf6 Rxf6 26. Bxf6 Be3+ 27. Kh1 Bd4
28. Be7 Bxb2 29. Rb1 Rc1+ 30. Rxc1 Bxc1 31. Bd1 Bd2 32. Kg1 b5 33. a5 b3 34.
Bd8 b2 35. Bc2 b4 36. Kf2 b3 37. Bb1 Bb5 38. h4 Kf7 39. g3 Ke8 40. Bc7 Bc3 41.
Kf3 Kd7 42. Bb8 Bd4 43. Kg2 Be2 0-1

[Event "Xtracon Chess Open 2016"]
[Site "Elsinore"]
[Date "2016.07.28"]
[Round "7.36"]
[White "Haug, Johannes"]
[Black "Johansen, Oivind"]
[Result "1-0"]
[WhiteElo "2318"]
[BlackElo "2180"]
[PlyCount "101"]
[EventDate "2016.07.23"]

1. e4 d5 2. exd5 Qxd5 3. Nf3 Nf6 4. d4 Bg4 5. Be2 e6 6. h3 Bh5 7. O-O Be7 8.
Bf4 c6 9. c4 Qd8 10. Nc3 Nbd7 11. d5 cxd5 12. cxd5 exd5 13. Nxd5 O-O 14. Nxe7+
Qxe7 15. Bd6 Qe4 16. Bxf8 Rxf8 17. Re1 Nb6 18. Nd2 Qh4 19. Bxh5 Nxh5 20. Qg4
Qxg4 21. hxg4 Nf4 22. b3 h6 23. Nc4 Nxc4 24. bxc4 Ne6 25. Rad1 Rc8 26. Rd7 Nc5
27. Rd5 Kf8 28. f3 Ne6 29. Rb1 b6 30. Rd7 Ra8 31. Kf2 Nc5 32. Rd5 Rc8 33. Re1
g6 34. Re2 Rc7 35. Rd8+ Kg7 36. Red2 g5 37. g3 a5 38. R8d6 Ne6 39. Rxb6 Rxc4
40. Rb3 a4 41. Rb5 Kg6 42. Ra5 h5 43. gxh5+ Kxh5 44. Ke3 Rc3+ 45. Rd3 Rc4 46.
Ra3 Nc5 47. Kd2 Kg6 48. Rc3 Rd4+ 49. Ke3 Ne6 50. Rc6 Rb4 51. Rca6 1-0

[Event "Xtracon Chess Open 2016"]
[Site "Elsinore"]
[Date "2016.07.28"]
[Round "7.37"]
[White "Matthiesen, Martin"]
[Black "Christensen, Bo Garner"]
[Result "1-0"]
[WhiteElo "2316"]
[BlackElo "2150"]
[PlyCount "71"]
[EventDate "2016.07.23"]

1. d4 c5 2. d5 b5 3. e4 a6 4. a4 b4 5. Nf3 d6 6. Bc4 Nd7 7. O-O g6 8. a5 Bg7 9.
Nbd2 Ngf6 10. h3 O-O 11. Bb3 h6 12. Re1 Qc7 13. Nc4 Bb7 14. Bf4 Kh7 15. Qd2
Rad8 16. Rad1 Nh5 17. Bh2 Ne5 18. Nfxe5 dxe5 19. c3 bxc3 20. Qxc3 Nf4 21. Nb6
f5 22. Bxf4 exf4 23. e5 e6 24. d6 Qc6 25. f3 Qe8 26. Qxc5 g5 27. d7 Qh5 28.
Bxe6 g4 29. hxg4 fxg4 30. Bxg4 Qg5 31. b4 Rf7 32. e6 Re7 33. Qxg5 hxg5 34. Bf5+
Kg8 35. Be4 Bxe4 36. Rxe4 1-0

[Event "Xtracon Chess Open 2016"]
[Site "Elsinore"]
[Date "2016.07.28"]
[Round "7.38"]
[White "Kunz, Andre"]
[Black "Fossan, Petter"]
[Result "0-1"]
[WhiteElo "2105"]
[BlackElo "2303"]
[PlyCount "38"]
[EventDate "2016.07.23"]

1. e4 c5 2. d4 cxd4 3. c3 Nf6 4. e5 Nd5 5. Qxd4 e6 6. Nf3 Nc6 7. Qe4 f5 8. Qe2
Qc7 9. g3 d6 10. exd6 Bxd6 11. Nbd2 O-O 12. Nc4 Be7 13. Bg2 Bf6 14. Bg5 Nxc3
15. Qe3 Nb4 16. Na3 Ncd5 17. Rc1 Qa5 18. Qd2 Nd3+ 19. Kf1 Qxd2 0-1

[Event "Xtracon Chess Open 2016"]
[Site "Elsinore"]
[Date "2016.07.28"]
[Round "7.39"]
[White "Bach, Matthias"]
[Black "Vesterli, Michael E"]
[Result "1-0"]
[WhiteElo "2296"]
[BlackElo "2141"]
[PlyCount "93"]
[EventDate "2016.07.23"]

1. d3 d6 2. b3 e5 3. Bb2 g6 4. g3 Bg7 5. Bg2 Nc6 6. e3 Nf6 7. h3 Bd7 8. Ne2 Qc8
9. Nd2 O-O 10. a3 h6 11. c4 Nh7 12. f4 Re8 13. e4 exf4 14. Bxg7 f3 15. Nxf3
Kxg7 16. Ra2 Ng5 17. Nf4 Ne5 18. Nxg5 hxg5 19. Nd5 c6 20. Ne3 c5 21. Rf2 Rh8
22. d4 cxd4 23. Qxd4 Qc5 24. Qc3 Qxa3 25. O-O Raf8 26. g4 a6 27. Rd1 Ba4 28.
Rb2 f6 29. Rd5 Rc8 30. Nc2 Rxc4 31. Qxe5 dxe5 32. Nxa3 Rc1+ 33. Kf2 Bc6 34. Rd6
f5 35. exf5 gxf5 36. gxf5 g4 37. Rg6+ Kf7 38. Rxg4 Bd7 39. Rg3 b5 40. Rc2 Ra1
41. Rc7 Ke8 42. Ra7 Rh5 43. Rg8+ Ke7 44. Rg7+ Kf6 45. Raxd7 Rxf5+ 46. Kg3 Rxa3
47. Rgf7+ 1-0

[Event "Xtracon Chess Open 2016"]
[Site "Elsinore"]
[Date "2016.07.28"]
[Round "7.40"]
[White "Nielsen, Thomas Bach"]
[Black "Rostgaard, Tobias Valentin"]
[Result "1/2-1/2"]
[WhiteElo "2103"]
[BlackElo "2287"]
[PlyCount "64"]
[EventDate "2016.07.23"]

1. d4 d5 2. c4 e6 3. Nc3 c5 4. cxd5 exd5 5. Nf3 Nc6 6. Bg5 Be7 7. Bxe7 Ngxe7 8.
e3 c4 9. Be2 b5 10. Nxb5 Rb8 11. Nc3 Rxb2 12. O-O Bf5 13. Ne5 O-O 14. Nxc6 Nxc6
15. Qa4 Qd7 16. Bf3 Be6 17. Rab1 Rfb8 18. Rxb2 Rxb2 19. Qa3 Rb8 20. Qc5 Ne7 21.
Rd1 f5 22. g3 Kf7 23. Rb1 Rxb1+ 24. Nxb1 Ng8 25. Nc3 Nf6 26. Nb5 Ne4 27. Bxe4
fxe4 28. Nxa7 Qa4 29. Nc6 Qd1+ 30. Kg2 Kg6 31. Qd6 Qf3+ 32. Kg1 Qd1+ 1/2-1/2

[Event "Xtracon Chess Open 2016"]
[Site "Elsinore"]
[Date "2016.07.28"]
[Round "7.41"]
[White "Haldorsen, Benjamin"]
[Black "Leutwyler, Martin"]
[Result "0-1"]
[WhiteElo "2283"]
[BlackElo "2145"]
[PlyCount "172"]
[EventDate "2016.07.23"]

1. e4 c6 2. d4 d5 3. Nd2 dxe4 4. Nxe4 Bf5 5. Ng3 Bg6 6. Nh3 e6 7. Nf4 Bd6 8.
Ngh5 Bxh5 9. Nxh5 g6 10. Nf4 Nd7 11. g3 Ngf6 12. Bg2 Nd5 13. Nd3 Nb4 14. O-O
O-O 15. c4 Nxd3 16. Qxd3 Qc7 17. Bg5 Rfe8 18. Rfd1 Bf8 19. Rac1 e5 20. d5 e4
21. Qd2 c5 22. d6 Qc6 23. b4 Re6 24. bxc5 Nxc5 25. d7 Rd6 26. Qc2 Rxd7 27. Rxd7
Qxd7 28. Bxe4 Nxe4 29. Qxe4 Re8 30. Qf3 b6 31. h4 h5 32. Bf6 Bg7 33. Bxg7 Kxg7
34. c5 Qd2 35. Rd1 Re1+ 36. Rxe1 Qxe1+ 37. Kg2 bxc5 38. Qd5 Qc3 39. a4 Qd4 40.
Qc6 c4 41. a5 c3 42. a6 Qd2 43. Qc5 c2 44. Qe5+ Kh7 45. Qc7 Qd5+ 46. Kh2 Qf5
47. Kg2 Qe6 48. Qxc2 Qxa6 49. Qc7 Kg7 50. Qe5+ Qf6 51. Qa5 Qd4 52. Kg1 Qd1+ 53.
Kg2 Qd7 54. Qe5+ Kh7 55. Qa5 Qc6+ 56. Kg1 a6 57. Qa2 Qe6 58. Qa5 Qc4 59. Kg2
Qb5 60. Qc7 Qd5+ 61. f3 Qa2+ 62. Kh3 a5 63. g4 hxg4+ 64. fxg4 Qb3+ 65. Kg2 a4
66. h5 a3 67. hxg6+ Kxg6 68. Qa5 Qc2+ 69. Kg3 Qd3+ 70. Kh4 Qe3 71. Qa6+ Kg7 72.
g5 Qe4+ 73. Kg3 Qe5+ 74. Kh4 Qb2 75. Qh6+ Kg8 76. Qc6 Qd4+ 77. Kh5 Qd1+ 78. Kh6
Qd8 79. Qa4 Qd6+ 80. Kh5 Qh2+ 81. Kg4 Qe2+ 82. Kf5 a2 83. g6 Qe6+ 84. Kf4 Qf6+
85. Ke3 a1=Q 86. gxf7+ Kxf7 0-1

[Event "Xtracon Chess Open 2016"]
[Site "Elsinore"]
[Date "2016.07.28"]
[Round "7.42"]
[White "Machlik, Endre"]
[Black "Veng, Johnny"]
[Result "0-1"]
[WhiteElo "2091"]
[BlackElo "2280"]
[PlyCount "56"]
[EventDate "2016.07.23"]

1. d4 Nf6 2. c4 Nc6 3. Nc3 e5 4. d5 Ne7 5. h4 Neg8 6. e3 Bc5 7. Bd3 a5 8. Nge2
d6 9. Ng3 Ne7 10. Qc2 c6 11. dxc6 bxc6 12. Bd2 Bb6 13. Na4 Bc7 14. O-O O-O 15.
e4 Ng6 16. Qc1 h6 17. h5 Nf4 18. Bxf4 exf4 19. Qxf4 Ng4 20. Qd2 Qh4 21. Rfe1 d5
22. Nf1 Bh2+ 23. Nxh2 Qxh2+ 24. Kf1 dxe4 25. Bxe4 Ba6 26. Rac1 Rfe8 27. Nc5
Rad8 28. Nd3 Qh1+ 0-1

[Event "Xtracon Chess Open 2016"]
[Site "Elsinore"]
[Date "2016.07.28"]
[Round "7.44"]
[White "Merkesvik, Sondre"]
[Black "Hofmann, Rares"]
[Result "0-1"]
[WhiteElo "2263"]
[BlackElo "2118"]
[PlyCount "74"]
[EventDate "2016.07.23"]

1. d4 d5 2. c4 c6 3. Nf3 Nf6 4. g3 dxc4 5. Bg2 Nbd7 6. a4 c5 7. O-O e6 8. Na3
cxd4 9. Qxd4 Bc5 10. Qxc4 Qe7 11. Nb5 O-O 12. Rb1 a5 13. b3 e5 14. Bb2 e4 15.
Ng5 e3 16. f4 h6 17. Ne4 Bb4 18. Nc7 Rb8 19. Qd4 Bc5 20. Nd5 Qxe4 21. Nxf6+
Nxf6 22. Qxc5 Qf5 23. Qxe3 Re8 24. Qa7 Be6 25. Be5 Rbc8 26. Qxb7 Rc2 27. Rbc1
Rxe2 28. Qb5 Rxg2+ 29. Kxg2 Bd5+ 30. Kf2 Rxe5 31. Rfe1 Rxe1 32. Rxe1 Qh3 33.
Ke3 Qxh2 34. Qb8+ Kh7 35. f5 Qc2 36. Rf1 Qc3+ 37. Ke2 Bxb3 0-1